The socialist orientation of Jawaharlal Nehru / (Record no. 124094)

MARC details
000 -LEADER
fixed length control field 00801nam a22002417a 4500
005 - DATE AND TIME OF LATEST TRANSACTION
control field 20170124105934.0
010 ## - LIBRARY OF CONGRESS CONTROL NUMBER
LC control number A-381998
020 ## - INTERNATIONAL STANDARD BOOK NUMBER
Terms of availability 00.00
International Standard Book Number 812120285
035 ## - SYSTEM CONTROL NUMBER
System control number A-381998
037 ## - SOURCE OF ACQUISITION
Source of stock number/acquisition Cen Lib/Ret
040 ## - CATALOGING SOURCE
Original cataloging agency DPL
Language of cataloging EN
082 ## - DEWEY DECIMAL CLASSIFICATION NUMBER
Classification number 320.531
Item number MIS
100 ## - MAIN ENTRY--PERSONAL NAME
Personal name Mishra, Neelam
9 (RLIN) 9277
245 ## - TITLE STATEMENT
Title The socialist orientation of Jawaharlal Nehru /
Statement of responsibility, etc by Neelam Mishra
246 ## - VARYING FORM OF TITLE
Remainder of title
260 ## - PUBLICATION, DISTRIBUTION, ETC. (IMPRINT)
Name of publisher, distributor, etc Gyan Publishing House
Date of publication, distribution, etc 1989
Place of publication, distribution, etc New Delhi
270 ## - ADDRESS
City New Delhi
Address 4-C, Ansari Road, Darya Ganj
Postal code 110002
300 ## - PHYSICAL DESCRIPTION
Extent xxviii,230p.
Dimensions 22cm(Hb)
500 ## - GENERAL NOTE
General note Includes bibliographical references and index
650 ## - SUBJECT ADDED ENTRY--TOPICAL TERM
Topical term or geographic name as entry element Nehru, Jawaharlal, -- 1889-1964 -- Political and social views
9 (RLIN) 9278
650 ## - SUBJECT ADDED ENTRY--TOPICAL TERM
Topical term or geographic name as entry element Political and social views
9 (RLIN) 7882
942 ## - ADDED ENTRY ELEMENTS (KOHA)
Source of classification or shelving scheme Dewey Decimal Classification
Koha item type English Books
Classification part 320.531
Call number suffix MIS
Holdings
Withdrawn status Lost status Damaged status Not for loan Home library Current library Date acquired Source of acquisition Cost, normal purchase price Total Checkouts Full call number Barcode Date last seen Copy number Cost, replacement price Price effective from Koha item type
        Central Library Central Library 13/06/2015 Cen Lib/Ret 0.00   320.531 MIS A-381998 13/06/2015 1 0.00 15/09/2016 English Books

© Delhi Public Library
Hit Counter
free hit counter